00400 a2200157 4500003000400000005001700004008004100021020001500062040000900077082001800086100001700104245006500121250001200186260003400198300001000232OSt20240118122945.0240118b |||||||| |||| 00| 0 eng d a8194299985 coclc a297.64bJAL/K aJaleel, V.K. aKhadeeja Beevi Thirunabiyude Prabhavalayathil /cV.K. Jaleel a3rd ed. aKozhikode:bIPH Books,c2023. a152p.